000 01011nam a22002777a 4500
001 BRCA_9405
003 FranzMayer
005 20230918125402.0
008 230904b |||||||| |||| 00| 0 eng d
020 _a8495241145
040 _aMFM
_bESPAÑOL
_cMFM
050 0 _aNA5233
_bM38 2000
100 1 _4Autor
_aNavascuaés Palacio, Pedro
_929569
240 _aLas catedrales del nuevo mundo
_lEspañol
245 0 _aLas catedrales del nuevo mundo
260 _aMéxico
_bIberdrola
_c2000
300 _a259 p
_bIlustraciones a color
_c30 cm
500 _aAnexo 1
500 _aEl libro se encuentra en cubierta dura, con una sobrecubierta exterior
505 _aTexto en: españolIncluye índices temáticoIncluye bibliografíaDirigido a: arquitectos e historiadores de arte
650 1 _2Arquitectura religiosa
_aNuevo mundo
_vColonias españolas
_929570
651 2 _2Arquitectura colonial
700 1 _4Corre
_aMariño, Beatriz
_929571
700 1 _4Corre
_aMartín, Luis
_929572
942 _2lcc
_cB
999 _c11027
_d11027